[Event "Chigorin Memorial-B 10th"]
[Site "St Petersburg"]
[Date "2002.10.27"]
[Round "3"]
[White "Gerasimov, Yuri"]
[Black "Shaginjan, Armen"]
[Result "1/2-1/2"]
[WhiteElo "2115"]
[BlackElo "2290"]
[PlyCount "48"]
[EventDate "2002.10.25"]
[EventType "swiss"]
[EventRounds "9"]
[EventCountry "RUS"]
[SourceTitle "EXT 2003"]
[Source "ChessBase"]
[SourceDate "2002.11.25"]
[SourceVersion "1"]
[SourceVersionDate "2002.11.25"]
[SourceQuality "1"]

1. d4 d5 2. c4 dxc4 3. e3 Nf6 4. Bxc4 e6 5. Nf3 c5 6. 0-0 a6 7. dxc5 Qxd1 8. Rxd1 Bxc5 9. b3 b5 10. Be2 Bb7 11. Bb2 Nbd7 12. Ne5 Ke7 13. Nxd7 Nxd7 14. Nd2 f6 15. Bf3 Bxf3 16. Nxf3 Rac8 17. Nd4 Rc7 18. Rac1 Rhc8 19. Ne2 Bb4 20. Rxc7 Rxc7 21. Rc1 Rxc1+ 22. Nxc1 Nc5 23. Kf1 Ne4 24. g3 Nc5 1/2-1/2

[Event "Petrov Memorial op"]
[Site "St Petersburg"]
[Date "2002.02.20"]
[Round "9"]
[White "Timofeev, Andrei"]
[Black "Gerasimov, Yuri"]
[Result "1/2-1/2"]
[WhiteElo "2320"]
[BlackElo "2159"]
[PlyCount "142"]
[EventDate "2002.02.12"]
[EventType "swiss"]
[EventRounds "9"]
[EventCountry "RUS"]
[SourceTitle "CBM 086 Extra"]
[Source "ChessBase"]
[SourceDate "2002.03.14"]
[SourceVersion "1"]
[SourceVersionDate "2002.03.14"]
[SourceQuality "1"]

1. c4 c5 2. g3 g6 3. Bg2 Bg7 4. Nc3 Nf6 5. Nf3 0-0 6. 0-0 d6 7. d4 Nbd7 8. d5 a6 9. a4 Ne8 10. Bd2 Rb8 11. Qc1 Nc7 12. a5 b5 13. axb6 Nxb6 14. b3 Nd7 15. Ra3 Nf6 16. Bh6 Bf5 17. Bxg7 Kxg7 18. Nd2 Qc8 19. Re1 Bh3 20. e4 Bxg2 21. Kxg2 Nd7 22. f4 f6 23. Nf3 Qe8 24. Nd1 Rb6 25. Nf2 e5 26. Ng4 h5 27. Nf2 Rh8 28. h4 Rb8 29. Nh3 Kf7 30. Qd2 Rb4 31. Re3 Qe7 32. Ne1 Rb7 33. Qf2 exf4 34. gxf4 Kg7 35. Qg3 Rg8 36. Kh2 Kh7 37. Nf3 Re8 38. Ra2 Rbb8 39. Rae2 Qg7 40. e5 fxe5 41. fxe5 Nxe5 42. Nxe5 Rxe5 43. Rxe5 dxe5 44. Qxe5 Qxe5+ 45. Rxe5 Re8 46. Ng5+ Kg8 47. Rxe8+ Nxe8 48. Ne6 Nd6 49. Nxc5 a5 50. Kg3 Kf7 51. Kf4 Nf5 52. Nb7 Nxh4 53. Nxa5 Nf5 54. Nc6 h4 55. Ne5+ Kf6 56. Nf3 h3 57. Nh2 g5+ 58. Kg4 Nd4 59. Kxh3 Nxb3 60. Ng4+ Ke7 61. Nf2 Kd6 62. Ne4+ Ke5 63. Nxg5 Na5 64. Nf7+ Kf6 65. Nd6 Ke5 66. Nf7+ Kf6 67. c5 Kxf7 68. Kg4 Ke7 69. Kf5 Nb3 70. c6 Kd6 71. Kf6 Na5 1/2-1/2